Biocultural Rights, Indigenous Peoples and Local Communities (Record no. 26631)

MARC details
000 -LEADER
fixed length control field 00705nam a2200121Ia 4500
008 - FIXED-LENGTH DATA ELEMENTS--GENERAL INFORMATION
fixed length control field 220620s9999||||xx |||||||||||||| ||und||
245 #0 - TITLE STATEMENT
Title Biocultural Rights, Indigenous Peoples and Local Communities
Remainder of title Protecting Culture and the Environment
546 ## - LANGUAGE NOTE
Language note English[eng]
650 ## - SUBJECT ADDED ENTRY--TOPICAL TERM
Topical term or geographic name entry element Environment law||Jurisprudence and general issues||Nature and the natural world: general interest||Applied ecology||Conservation of the environment||Environmental management||Environmental policy and protocols||Environmental science, engineering and technology
700 ## - ADDED ENTRY--PERSONAL NAME
Personal name Girard, Fabien||Hall, Ingrid||Frison, Christine
856 ## - ELECTRONIC LOCATION AND ACCESS
Uniform Resource Identifier <a href="https://library.oapen.org/bitstream/20.500.12657/53679/1/9781000593624.pdf">https://library.oapen.org/bitstream/20.500.12657/53679/1/9781000593624.pdf</a>
942 ## - ADDED ENTRY ELEMENTS (KOHA)
Koha item type E-Books
Holdings
Withdrawn status Lost status Damaged status Not for loan Home library Current library Date acquired Total Checkouts Date last seen Price effective from Koha item type
        Kerala University of Digital Sciences, Innovation and Technology Knowledge Centre Kerala University of Digital Sciences, Innovation and Technology Knowledge Centre 20/06/2022   20/06/2022 20/06/2022 E-Books